<?xml version="1.0" encoding="UTF-8"?>
<collection xmlns="http://www.loc.gov/MARC21/slim">
 <record>
  <leader>00666pamaa2200205   4500</leader>
  <controlfield tag="001">0000021876</controlfield>
  <controlfield tag="005">20060508090000.0</controlfield>
  <datafield tag="020" ind1="0" ind2="0">
   <subfield code="a">0099592010 </subfield>
  </datafield>
  <datafield tag="082" ind1=" " ind2=" ">
   <subfield code="a">915.40452 SHA</subfield>
  </datafield>
  <datafield tag="090" ind1="0" ind2="0">
   <subfield code="a">DS414.2 </subfield>
   <subfield code="b">SHA 1996</subfield>
  </datafield>
  <datafield tag="100" ind1="1" ind2="0">
   <subfield code="a">SHAND </subfield>
  </datafield>
  <datafield tag="245" ind1="1" ind2="0">
   <subfield code="a">Queen of the elephants  </subfield>
   <subfield code="c">Mark Shand ; with photographs by Aditya Patankar.</subfield>
  </datafield>
  <datafield tag="260" ind1="0" ind2="0">
   <subfield code="a">London : Cape, 1995..</subfield>
  </datafield>
  <datafield tag="300" ind1=" " ind2=" ">
   <subfield code="a">193p., [16] p. of plates : ill. (some col.), maps ; 20 cm.</subfield>
  </datafield>
  <datafield tag="440" ind1="0" ind2="0">
   <subfield code="a">Includes bibliographical references (p. 189-191)</subfield>
  </datafield>
  <datafield tag="500" ind1="0" ind2="0">
   <subfield code="a">Wonderfully evocative - cover</subfield>
  </datafield>
  <datafield tag="600" ind1="1" ind2="0">
   <subfield code="a">Barua, Parbati</subfield>
  </datafield>
  <datafield tag="650" ind1="0" ind2="0">
   <subfield code="a">Elephants -- </subfield>
   <subfield code="z">India </subfield>
  </datafield>
  <datafield tag="651" ind1="0" ind2="0">
   <subfield code="a">India -- </subfield>
   <subfield code="z">Description and travel </subfield>
  </datafield>
  <datafield tag="700" ind1="1" ind2="1">
   <subfield code="a">Patankar, </subfield>
   <subfield code="h">Aditya </subfield>
  </datafield>
 </record>
</collection>
